Ads to icons : (رقم التسجيلة. 23772)

تفاصيل مارك
000 -الفاتح
حقل البيانات ثابتة الطول 01734cam a2200361 a 4500
001 - رقم الضبط
رقم الضبط 15669666
003 - محدد رقم الضبط
رقم الضبط OSt
005 - وقت وتاريخ اخر تعامل مع التسجيلة
رقم الضبط 20150408114040.0
008 - عناصر البيانات ثابتة الطول - معلومات عامة
حقل البيانات ثابتة الطول 090323s2009 enka b 001 0 eng
010 ## - رقم ضبط مكتبة الكونجرس
رقم ضبط مكتبة الكونجرس 2009012338
015 ## - رقم الببليوجرافية الوطنية
رقم الببليوجرافية الوطنية GBA947588
المصدر bnb
016 7# - رقم ضبط الوكاله الوطنية للضبط الببليوجرافي
رقم ضبط التسجيلة 015181361
المصدر Uk
020 ## - الرقم الدولى المعيارى للكتب
الرقم الدولى المعيارى للكتاب 9780749456474
020 ## - الرقم الدولى المعيارى للكتب
الرقم الدولى المعيارى للكتاب 0749456477
035 ## - رقم ضبط النظام
رقم ضبط النظام (OCoLC)ocn317068220
040 ## - مصدر الفهرسة
وكالة الفهرسة الأصلية DLC
وكالة النسخ DLC
وكالة التعديل BTCTA
-- UKM
-- YDXCP
-- BWKUK
-- BWK
-- BWX
-- CDX
-- UPP
-- DLC
050 00 - رقم طلب مكتبة الكونجرس
رقم التصنيف HF5823
رقم المادة .S76 2009
082 00 - رقم تصنيف ديوى العشرى
رقم التصنيف 659.113
رقم الطبعة 22
100 1# - المدخل الرئيسى - إسم شخصى
الإسم الشخصى Springer, Paul.
9 (RLIN) 15110
245 10 - بيان العنوان
العنوان Ads to icons :
بقية العنوان how advertising succeeds in a multimedia age /
بيان المسئوليه,etc Paul Springer.
250 ## - بيان الطبعة
بيان الطبعة 2nd ed.
260 ## - PUBLICATION, DISTRIBUTION, ETC. (IMPRINT)
مكان الناشر او الموزع London ;
-- Philadelphia :
اسم الناشر او الموزع Kogan Page,
تاريخ النشر أو التوزيع 2009.
300 ## - الوصف المادى
التعداد xviii, 343 p. :
تفاصيل ماديه اخرى للوعاء ill. ;
أبعاد الوعاء 24 cm.
504 ## - تبصرة ببليوجرافية
تبصرة ببليوجرافية,الخ Includes bibliographical references (p. [325]-329) and index.
505 0# - تبصرة محتويات-الفهرس
تبصرة المحتويات المصاغة Rethinking mass media -- Widening formats -- Events-driven -- Shaping product experiences -- Digital persuasion -- Online spaces -- The new media landscape -- The new job landscape -- Closer -- Where advertising stops--and marketing begins.
650 #0 - المدخل الاضافى بالموضوع-مصطلح موضوعى
مصطلح موضوعي أو اسم جغرافي كعنصر مدخل Advertising
التقسيم الفرعي الشكلي Case studies.
9 (RLIN) 15111
650 #0 - المدخل الاضافى بالموضوع-مصطلح موضوعى
مصطلح موضوعي أو اسم جغرافي كعنصر مدخل Advertising campaigns
التقسيم الفرعي الشكلي Case studies.
9 (RLIN) 15112
856 42 - الوصول و الموقع الالكترونى
مواد محددة Contributor biographical information
معرف المصدر الموحد <a href="http://www.loc.gov/catdir/enhancements/fy1008/2009012338-b.html">http://www.loc.gov/catdir/enhancements/fy1008/2009012338-b.html</a>
856 42 - الوصول و الموقع الالكترونى
مواد محددة Publisher description
معرف المصدر الموحد <a href="http://www.loc.gov/catdir/enhancements/fy1008/2009012338-d.html">http://www.loc.gov/catdir/enhancements/fy1008/2009012338-d.html</a>
856 41 - الوصول و الموقع الالكترونى
مواد محددة Table of contents only
معرف المصدر الموحد <a href="http://www.loc.gov/catdir/enhancements/fy1008/2009012338-t.html">http://www.loc.gov/catdir/enhancements/fy1008/2009012338-t.html</a>
942 ## - عناصر المدخل الإضافي( كوها)
مصدر التصنيف او مخطط الترفيف Dewey Decimal Classification
Koha [default] item type كتاب
المقتنيات
حالة الفقد نموذج السعر الفعال حالة تلف ليس للاعارة رقم الطلب تاريخ الاكتساب الموقع الحالي الباركود الفرع الرئيسي Date last seen نوع المادة فى نظام كوها مصدر التصنيف او خطة الترفيف Total Checkouts
  2013-03-10     659.113 S P A 2012-05-30 المكتبة المركزية بالمجمعة (CL) 10040000F0021 المكتبة المركزية بالمجمعة (CL) 2013-03-10 كتاب Dewey Decimal Classification  
  2013-03-10     659.113 S P A 2012-05-30 المكتبة المركزية بالمجمعة (CL) 1004000000020 المكتبة المركزية بالمجمعة (CL) 2013-03-10 كتاب Dewey Decimal Classification  
  2013-03-10     659.113 S P A 2012-05-30 المكتبة المركزية بالمجمعة (CL) 1004000000019 المكتبة المركزية بالمجمعة (CL) 2013-03-10 كتاب Dewey Decimal Classification  
  2013-03-10     659.113 S P A 2012-05-30 المكتبة المركزية بالمجمعة (CL) 1004000000018 المكتبة المركزية بالمجمعة (CL) 2013-03-10 كتاب Dewey Decimal Classification  
  2013-03-10     659.113 S P A 2012-05-30 المكتبة المركزية بالمجمعة (CL) 1004000000017 المكتبة المركزية بالمجمعة (CL) 2013-03-10 كتاب Dewey Decimal Classification  
  2013-03-10     659.113 S P A 2012-05-30 المكتبة المركزية بالمجمعة (CL) 1004000000016 المكتبة المركزية بالمجمعة (CL) 2013-03-10 كتاب Dewey Decimal Classification  
  2013-03-10     659.113 S P A 2012-05-30 المكتبة المركزية بالمجمعة (CL) 1004000000015 المكتبة المركزية بالمجمعة (CL) 2013-03-10 كتاب Dewey Decimal Classification  
  2013-03-10     659.113 S P A 2012-05-30 المكتبة المركزية بالمجمعة (CL) 1004000000014 المكتبة المركزية بالمجمعة (CL) 2013-03-10 كتاب Dewey Decimal Classification